Analýzy investičných stratégií diplomová práca

Gespeichert in:
Bibliographische Detailangaben
1. Verfasser: Baluchová, Zuzana
Körperschaft: Fakulta hospodárskej informatiky EU. Katedra matematiky a aktuárstva
Weitere Verfasser: Pinda, Ľudovít, 1958-
Format: Buch
Sprache:Slowakisch
Veröffentlicht: Bratislava 2016
Tags: Tag hinzufügen
Keine Tags, Fügen Sie das erste Tag hinzu!

MARC

LEADER 00000nbm a2200000 4500
001 0245176
005 20180924130244.1
041 0 |a slo 
044 |a SK 
245 1 0 |a Analýzy investičných stratégií  |b diplomová práca  |c Zuzana Baluchová ; školiteľ: Ľudovít Pinda 
264 1 |a Bratislava  |c 2016 
300 |a 63 s. 
100 1 |a Baluchová, Zuzana 
700 1 |a Pinda, Ľudovít, 1958- 
710 2 |a Fakulta hospodárskej informatiky EU. Katedra matematiky a aktuárstva